Corrie Ten Boom : (Record no. 10443)

MARC details
000 -LEADER
fixed length control field 01426cam a2200373 a 4500
001 - CONTROL NUMBER
control field 39700796
003 - CONTROL NUMBER IDENTIFIER
control field OCoLC
005 - DATE AND TIME OF LATEST TRANSACTION
control field 20241126110732.0
008 - FIXED-LENGTH DATA ELEMENTS--GENERAL INFORMATION
fixed length control field 980807s1999 waub c b 000 0beng
020 ## - INTERNATIONAL STANDARD BOOK NUMBER
International Standard Book Number 9781576581360
Qualifying information (pbk.)
020 ## - INTERNATIONAL STANDARD BOOK NUMBER
International Standard Book Number 1576581365
Qualifying information (pbk.)
035 ## - SYSTEM CONTROL NUMBER
System control number (OCoLC)39700796
040 ## - CATALOGING SOURCE
Original cataloging agency DLC
Language of cataloging eng
Transcribing agency DLC
Modifying agency BAKER
-- NLGGC
-- BTCTA
-- OCLCG
-- DTM
-- OCLCA
-- OCLCF
-- OCLCO
-- OCLCQ
-- BGF
042 ## -
-- lcac
043 ## -
-- e-ne---
050 00 -
-- BR1725.T35
-- B46 1999
082 00 - DEWEY DECIMAL CLASSIFICATION NUMBER
Classification number 266.0092
-- 269/.2/092
Edition information 21
Item number BEN
100 1# - MAIN ENTRY--PERSONAL NAME
Personal name Benge, Janet,
Dates associated with a name 1958-
9 (RLIN) 17368
245 10 - TITLE STATEMENT
Title Corrie Ten Boom :
Remainder of title keeper of the angels' den /
Statement of responsibility, etc. Janet & Geoff Benge
260 ## - PUBLICATION, DISTRIBUTION, ETC.
Place of publication, distribution, etc. Seattle, WA :
Name of publisher, distributor, etc. YWAM Pub.,
Date of publication, distribution, etc. ℗♭1999
300 ## - PHYSICAL DESCRIPTION
Extent 201 pages :
Other physical details map ;
Dimensions 21 cm
336 ## - CONTENT TYPE
Content type term text
Content type code txt
Source rdacontent
337 ## - MEDIA TYPE
Media type term unmediated
Media type code n
Source rdamedia
338 ## - CARRIER TYPE
Carrier type term volume
Carrier type code nc
Source rdacarrier
490 1# - SERIES STATEMENT
Series statement Christian heroes, then & now
504 ## - BIBLIOGRAPHY, ETC. NOTE
Bibliography, etc. note Includes bibliographical references (page 201)
520 ## - SUMMARY, ETC.
Summary, etc. Relates events in the life of the Dutch woman who survived imprisonment in Nazi concentration camps to become a Christian missionary
600 10 - SUBJECT ADDED ENTRY--PERSONAL NAME
Personal name Ten Boom, Corrie
Form subdivision Juvenile literature
9 (RLIN) 18163
650 #0 - SUBJECT ADDED ENTRY--TOPICAL TERM
Topical term or geographic name entry element Christian biography
Geographic subdivision Netherlands
Form subdivision Juvenile literature
9 (RLIN) 18164
655 #7 - INDEX TERM--GENRE/FORM
Genre/form data or focus term Juvenile works.
Source of term fast
Authority record control number or standard number (OCoLC)fst01411637
9 (RLIN) 15512
700 1# - ADDED ENTRY--PERSONAL NAME
Personal name Benge, Geoff,
Dates associated with a name 1954-
9 (RLIN) 17373
830 #0 -
-- Christian heroes, then & now
-- 17374
942 ## - ADDED ENTRY ELEMENTS (KOHA)
Source of classification or shelving scheme Dewey Decimal Classification
Koha item type Books
Holdings
Withdrawn status Lost status Source of classification or shelving scheme Damaged status Not for loan Home library Current Library Shelving location Date acquired Total checkouts Full call number Barcode Date last seen Date last checked out Copy number Price effective from Koha item type
    Dewey Decimal Classification     GRACE BIBLE COLLEGE GRACE BIBLE COLLEGE Ministry & Mission 2024-07-18 1 266.0092 BEN 016966 2025-07-11 2025-07-03 c.1 2024-07-18 Books
© Grace Bible College Library 2025